000 00314nam a2200133Ia 4500
008 221030s9999 xx 000 0 und d
041 _aEnglish
082 _a105.23
100 _aAditi Khajura/391
245 0 _aGLADNI GRID STATION (520MVA, 2201 I321 33KV)
260 _aJammu
_c2001
650 _aEE
942 _cTH
999 _c2759
_d2759